| 000 | 00466nam a2200169Ia 4500 | ||
|---|---|---|---|
| 999 |
_c4123 _d4123 |
||
| 020 | _a81-7188-339-7 | ||
| 082 | _a923.2954 RAM-T SL1 | ||
| 100 | _aRamakrishna, G.V. | ||
| 245 | 0 | _aTwo score and ten: my experiences in government | |
| 260 |
_aNew Delhi _bAcademic Foundation _c2004 |
||
| 300 | _a370 | ||
| 504 | _aincludes index | ||
| 650 |
_aRamakrishna, G.V. _vBiography |
||
| 650 |
_aIndia _vPolitics and government |
||
| 650 | _aCivil service | ||
| 942 | _cBK | ||